|
|
|
|
| LEADER |
00000nam0a2200000 4500 |
| 001 |
144815 |
| 005 |
20231031143825.0 |
| 029 |
1 |
0 |
|a RU
|b 50-605-86-94
|c Р
|
| 035 |
|
|
|a (RuTPU)RU\TPU\book\156957
|
| 035 |
|
|
|a RU\TPU\book\156954
|
| 090 |
|
|
|a 144815
|
| 100 |
|
|
|a 20081008d1996 k a0rusy50 ca
|
| 101 |
0 |
|
|a rus
|
| 102 |
|
|
|a RU
|
| 105 |
|
|
|a y l 000zy
|
| 200 |
1 |
|
|a Нетрадиционная энергетика. Геотермальная энергетика
|a Методика определения гидрогеотермальных и парогидротермальных ресурсов. Рекомендации по стандартизации Р 50-605-86-94
|
| 205 |
|
|
|a Изд. офиц.
|
| 210 |
|
|
|a Москва
|c Издательство стандартов
|d 1996
|
| 215 |
|
|
|a 27 с.
|
| 225 |
1 |
|
|a Рекомендации по стандартизации
|
| 229 |
|
|
|a Утверждены приказом от 10.06.94 г. № 29 директора ВНИИстандарт. Введены впервые
|
| 610 |
1 |
|
|a рекомендации
|
| 610 |
1 |
|
|a сертификация
|
| 610 |
1 |
|
|a энергетика
|
| 610 |
1 |
|
|a геотермальная энергетика
|
| 610 |
1 |
|
|a теплоэнергетические воды
|
| 610 |
1 |
|
|a ресурсы
|
| 610 |
1 |
|
|a запасы
|
| 610 |
1 |
|
|a теплоносители
|
| 610 |
1 |
|
|a месторождения
|
| 610 |
1 |
|
|a гидрогеологические параметры
|
| 610 |
1 |
|
|a теплофизические параметры
|
| 675 |
|
|
|a 621.311(083)
|v 3
|
| 801 |
|
1 |
|a RU
|b 63413507
|c 20080619
|g PSBO
|
| 801 |
|
2 |
|a RU
|b 63413507
|c 20221207
|g PSBO
|
| 942 |
|
|
|c BK
|